| 000 | 00000nam 2200000zi 4500 |
| 001 | 9.933074 |
| 003 | CaOODSP |
| 005 | 20240215125004 |
| 006 | m o d f |
| 007 | cr cn||||||||| |
| 008 | 240129e202301##oncado ob f|0| 0 eng d |
| 040 | |aCaOODSP|beng|erda|cCaOODSP |
| 043 | |an-cn--- |
| 086 | 1 |aFR5-227/2023E-PDF |
| 245 | 00|aEvaluation of the Canada Fund for Local Initiatives (CFLI) 2015-16 to 2020-21 : |bevaluation report / |cprepared by the Evaluation Division (PRA), Global Affairs Canada. |
| 264 | 1|a[Ottawa] : |bGlobal Affairs Canada = Affaires mondiales Canada, |cJanuary 2023. |
| 300 | |a1 online resource (46 pages) : |billustrations, graphs, photographs + |eevaluation summary (1 unnumbered page) + management response and action plan (9 pages) |
| 336 | |atext|btxt|2rdacontent |
| 337 | |acomputer|bc|2rdamedia |
| 338 | |aonline resource|bcr|2rdacarrier |
| 500 | |aCover title. |
| 500 | |aIssued also in French under title: Évaluation du Fonds canadien d’initiatives locales (FCIL) de 2015-2016 à 2020-2021 : rapport d’évaluation. |
| 504 | |aIncludes bibliographical references. |
| 520 | |a"The evaluation of the Canada Fund for Local Initiatives (CFLI) covered the period from 2015-16 to 2020-21 and aimed to generate insights, findings, lessons and recommendations to inform decision making at mission and HQ on how best to deliver the CFLI effectively. It had three core objectives: to contribute to informed decision making related to systems and program improvements; to determine the key enabling factors of effective programming; and to provide a neutral assessment of the CFLI in a transparent, clear, and useful manner"--Executive summary, page 4. |
| 610 | 10|aCanada. |bGlobal Affairs Canada|xEvaluation. |
| 650 | 0|aFederal aid to small business|zCanada|xEvaluation. |
| 650 | 0|aHumanitarian assistance, Canadian. |
| 650 | 0|aInternational cooperation|xEvaluation. |
| 710 | 1 |aCanada. |bGlobal Affairs Canada, |eissuing body. |
| 775 | 08|tÉvaluation du Fonds canadien d’initiatives locales (FCIL) de 2015-2016 à 2020-2021 : |w(CaOODSP)9.933964 |
| 856 | 40|qPDF|s2.01 MB|uhttps://publications.gc.ca/collections/collection_2024/amc-gac/FR5-227-2023-eng.pdf|zEvaluation report |
| 856 | 40|qPDF|s460 KB|uhttps://publications.gc.ca/collections/collection_2024/amc-gac/FR5-227-2023-1-eng.pdf|zEvaluation summary |
| 856 | 40|qPDF|s609 KB|uhttps://publications.gc.ca/collections/collection_2024/amc-gac/FR5-227-2023-2-eng.pdf|zManagement response and action plan |
| 856 | 4 |qHTML|sN/A|uhttps://www.international.gc.ca/transparency-transparence/audit-evaluation-verification/2022/cfli-fcil-report.aspx?lang=eng|zEvaluation report |